000
00270nam a2200121Ia 4500
008
241014s9999||||xx |||||||||||||| ||und||
020
_a
N/A
060
_a
2006
100
_a
Haneef, S.M
245
0
_a
Text book Of Paediatrics
260
_b
PPA
_c
2006
942
_b
DIMC
_c
BK
999
_c
9705
_d
9705